<?xml version="1.0" encoding="UTF-8"?>
<collection xmlns="http://www.loc.gov/MARC21/slim">
<record>
  <controlfield tag="001">206230</controlfield>
  <controlfield tag="005">20230212173748.0</controlfield>
  <datafield tag="024" ind1="7" ind2=" ">
    <subfield code="a">G:(EU-Grant)755602</subfield>
    <subfield code="d">755602</subfield>
    <subfield code="2">CORDIS</subfield>
  </datafield>
  <datafield tag="024" ind1="7" ind2=" ">
    <subfield code="a">G:(EU-Call)H2020-CS2-CFP04-2016-02</subfield>
    <subfield code="d">H2020-CS2-CFP04-2016-02</subfield>
    <subfield code="2">CORDIS</subfield>
  </datafield>
  <datafield tag="024" ind1="7" ind2=" ">
    <subfield code="a">corda__h2020::755602</subfield>
    <subfield code="2">originalID</subfield>
  </datafield>
  <datafield tag="035" ind1=" " ind2=" ">
    <subfield code="a">G:(EU-Grant)755602</subfield>
  </datafield>
  <datafield tag="150" ind1=" " ind2=" ">
    <subfield code="a">High load gear and bearings materials</subfield>
    <subfield code="y">2017-05-01 - 2022-11-30</subfield>
  </datafield>
  <datafield tag="371" ind1=" " ind2=" ">
    <subfield code="a">AM TESTING SRL</subfield>
    <subfield code="d">Italy</subfield>
    <subfield code="e">http://www.amtesting.it</subfield>
    <subfield code="v">CORDIS</subfield>
  </datafield>
  <datafield tag="371" ind1=" " ind2=" ">
    <subfield code="a">SCHAEFFLER AEROSPACE GERMANY GMBH &amp; CO KG</subfield>
    <subfield code="b">SCHAEFFLER AEROSPACE</subfield>
    <subfield code="d">Germany</subfield>
    <subfield code="v">CORDIS</subfield>
  </datafield>
  <datafield tag="372" ind1=" " ind2=" ">
    <subfield code="a">H2020-CS2-CFP04-2016-02</subfield>
    <subfield code="s">2017-05-01</subfield>
    <subfield code="t">2022-11-30</subfield>
  </datafield>
  <datafield tag="450" ind1=" " ind2=" ">
    <subfield code="a">HILOGEAR</subfield>
    <subfield code="w">d</subfield>
    <subfield code="y">2017-05-01 - 2022-11-30</subfield>
  </datafield>
  <datafield tag="510" ind1="1" ind2=" ">
    <subfield code="0">I:(DE-588b)5098525-5</subfield>
    <subfield code="a">European Union</subfield>
    <subfield code="2">CORDIS</subfield>
  </datafield>
  <datafield tag="680" ind1=" " ind2=" ">
    <subfield code="a">The Ultra High Bypass Ratio technology achieved with the geared turbofan concept, that decouples fan and turbine speeds by means of an Integral Drive System (IDS), is an innovative architecture that can enable significant reduction in fuel burn, noise and emissions.

The HILOGEAR (High load gear and bearings materials) project supports the aims to mature differentiating technologies and processes that could be introduced in the innovatve drive system module for the UHPE (Ultra High Propulsion Efficiency Engine) demonstrator. 

Since classical aerospace materials, although performant, do not exhibit all the necessary technical characteristics to fulfil both bearing and gears strength needs for their application in the UHPE power gearbox, innovative materials and heat treatments have to be investigated.

Therefore the main HILOGEAR project tasks and goals will be:
•	the selection, jointly with the TM, of promising materials and surface treatments suitable both for gears and bearings
•	testing activities on bearings also in contaminated conditions
•	testing activities on gears in high load and high temperature conditions similar to those of new engines. 

The activity will be managed with a Phase &amp; Gate approach and will include detailed technical / program, documentation, including planning, drawings, design report, risk analysis, test plan and test requirements, test results and test analysis reports.</subfield>
  </datafield>
  <datafield tag="909" ind1="C" ind2="O">
    <subfield code="o">oai:juser.fz-juelich.de:835841</subfield>
    <subfield code="p">authority:GRANT</subfield>
    <subfield code="p">authority</subfield>
  </datafield>
  <datafield tag="970" ind1=" " ind2=" ">
    <subfield code="a">oai:dnet:corda__h2020::c966b5b02610d6e4889620220339e88c</subfield>
  </datafield>
  <datafield tag="980" ind1=" " ind2=" ">
    <subfield code="a">G</subfield>
  </datafield>
  <datafield tag="980" ind1=" " ind2=" ">
    <subfield code="a">CORDIS</subfield>
  </datafield>
  <datafield tag="980" ind1=" " ind2=" ">
    <subfield code="a">AUTHORITY</subfield>
  </datafield>
  <datafield tag="909" ind1="C" ind2="O">
    <subfield code="o">oai:juser.fz-juelich.de:835841</subfield>
  </datafield>
</record>
</collection>